000
00246nam a22001097a 4500
008
170126b xxu||||| |||| 00| 0 eng d
020
_a
9781435448247
041
_a
eng
080
_2
2ND
_a
61
245
_a
3-2-1 CODE IT
_c
GREEN, M.A
942
_2
udc
_c
BK
999
_c
3746
_d
3746